MARC details
| 000 -CABECERA |
| campo de control de longitud fija |
02956nam a2200505 i 4500 |
| 003 - IDENTIFICADOR DEL NÚMERO DE CONTROL |
| campo de control |
DO-SdBNP |
| 005 - FECHA Y HORA DE LA ÚLTIMA TRANSACCIÓN |
| campo de control |
20240529132238.0 |
| 006 - CÓDIGOS DE INFORMACIÓN DE LONGITUD FIJA--CARACTERÍSTICAS DEL MATERIAL ADICIONAL |
| campo de control de longitud fija |
a||||er|||| 00| 0 |
| 007 - CAMPO FIJO DE DESCRIPCIÓN FÍSICA--INFORMACIÓN GENERAL |
| campo de control de longitud fija |
ta |
| 008 - DATOS DE LONGITUD FIJA--INFORMACIÓN GENERAL |
| campo de control de longitud fija |
240201e2012 dr ac||| |||| 00| 0 spa d |
| 020 ## - NÚMERO INTERNACIONAL ESTÁNDAR DEL LIBRO |
| Número Internacional Estándar del Libro |
9789945488050 |
| 040 ## - FUENTE DE LA CATALOGACIÓN |
| Centro catalogador/agencia de origen |
DO-SdBNP |
| Lengua de catalogación |
spa |
| Centro/agencia transcriptor |
BNPHU |
| Normas de descripción |
rda |
| 082 #4 - NÚMERO DE LA CLASIFICACIÓN DECIMAL DEWEY |
| Número de edición |
22 |
| Número de documento/Ítem |
C469f |
| 245 00 - MENCIÓN DE TÍTULO |
| Título |
Charcos de furia: |
| Resto del título |
(poemas y cuentos) / |
| Mención de responsabilidad, etc. |
Ariel Contreras, Emilio Mancebo, Gretchenh de la Cruz, Gabriel Pichardo, Génesis Peña; Editores, Valentín Amaro y Eulogio Javier; |
| 264 #1 - PRODUCCIÓN, PUBLICACIÓN, DISTRIBUCIÓN, FABRICACIÓN Y COPYRIGHT |
| Producción, publicación, distribución, fabricación y copyright |
Santo Domingo : |
| Nombre del de productor, editor, distribuidor, fabricante |
Ángeles de Fierro, |
| Fecha de producción, publicación, distribución, fabricación o copyright |
2012 |
| 300 ## - DESCRIPCIÓN FÍSICA |
| Extensión |
103 páginas : |
| Otras características físicas |
Ilustraciones ; |
| Dimensiones |
21 cm. |
| 336 ## - TIPO DE CONTENIDO |
| Fuente |
rdacontent |
| Término de tipo de contenido |
texto |
| Código de tipo de contenido |
txt |
| 337 ## - TIPO DE MEDIO |
| Fuente |
rdamedia |
| Nombre/término del tipo de medio |
sin mediación |
| Código del tipo de medio |
n |
| 338 ## - TIPO DE SOPORTE |
| Fuente |
rdacarrier |
| Nombre/término del tipo de soporte |
volumen |
| Código del tipo de soporte |
nc |
| 490 ## - MENCIÓN DE SERIE |
| Mención de serie |
Tinta de Taller |
| 505 ## - NOTA DE CONTENIDO CON FORMATO |
| Nota de contenido con formato |
A propósito de "Charcos de furia" del Taller Literario Letra Joven de Unibe. |
| Mención de responsabilidad |
Ariel Contreras: |
| Título |
Campanadas de vida y muerte.-- El vientre del caos.-- En un suspiro.-- Hablándole a mi letra.-- y llegar a tí en las noches. |
| Mención de responsabilidad |
Emilio Mancebo: |
| Título |
Poema i.-- El eco silente.-- Mis manos.-- Relato de una pared desvelada.-- Deseo. |
| Mención de responsabilidad |
Gretchenh de la Cruz. |
| Título |
Hallazgo.-- Brote de olvido.-- Fantasma.-- en el frío. |
| Mención de responsabilidad |
Gabriel Pichardo: |
| Título |
Haikus I, II, II. |
| Mención de responsabilidad |
Génesis Peña: |
| Título |
Poema químico.-- |
| Mención de responsabilidad |
Nadia Alejandra Doñé de los Santos: |
| Título |
Lo que me enamora.-- Inventario. |
| Mención de responsabilidad |
Wendy Fernández: |
| Título |
La luna.-- |
| Información miscelánea |
Shalyn Kae Eppler: |
| Título |
Sueño intrcambio.-- |
| 505 ## - NOTA DE CONTENIDO CON FORMATO |
| Mención de responsabilidad |
Esteban Wick: |
| Título |
I.-- II.-- |
| Mención de responsabilidad |
Luis García: |
| Título |
De bosque a bosque.-- Mi fiel amiga.-- |
| Mención de responsabilidad |
Matilde Kerwin: |
| Título |
Recuerdos.-- |
| Mención de responsabilidad |
Lucía Galván: |
| Título |
El malecón.-- |
| Mención de responsabilidad |
Stephania Joseph: |
| Título |
Muriendo hacia la luna.-- |
| Mención de responsabilidad |
Luis Alberto Tejeda: |
| Título |
Trágica llamada.-- |
| Mención de responsabilidad |
Valentín Amaro: |
| Título |
Mariposas negras.-- |
| Información miscelánea |
Invitados Especiales. |
| Mención de responsabilidad |
Ángel Joel Cadena: |
| Título |
Poema I.-- II.-- |
| Mención de responsabilidad |
Alejandro Soto: |
| Título |
Quedaría en tu conciencia eternamente.-- |
| Mención de responsabilidad |
Laura Massiel Méndez: |
| Título |
Escapatoria inapelable. |
| 590 ## - NOTA LOCAL (RLIN) |
| Nota local |
Inventariado 2024 / MF |
| 650 #4 - PUNTO DE ACCESO ADICIONAL DE MATERIA--TÉRMINO DE MATERIA |
| Término de materia o nombre geográfico como elemento de entrada |
Literatura dominicana |
| Subdivisión de forma |
Antología |
| 9 (RLIN) |
83074 |
| 650 ## - PUNTO DE ACCESO ADICIONAL DE MATERIA--TÉRMINO DE MATERIA |
| Término de materia o nombre geográfico como elemento de entrada |
Literatura dominicana |
| Subdivisión de forma |
Poesía |
| 9 (RLIN) |
81340 |
| 650 #0 - PUNTO DE ACCESO ADICIONAL DE MATERIA--TÉRMINO DE MATERIA |
| Término de materia o nombre geográfico como elemento de entrada |
Poesía dominicana |
| Subdivisión de forma |
Antología |
| 9 (RLIN) |
78060 |
| 700 1# - PUNTO DE ACCESO ADICIONAL--NOMBRE DE PERSONA |
| Nombre de persona |
Contreras, Ariel, |
| Término indicativo de función/relación |
autor |
| 9 (RLIN) |
84837 |
| 700 1# - PUNTO DE ACCESO ADICIONAL--NOMBRE DE PERSONA |
| Nombre de persona |
Mancebo, Emilio, |
| Término indicativo de función/relación |
autor |
| 9 (RLIN) |
84838 |
| 700 1# - PUNTO DE ACCESO ADICIONAL--NOMBRE DE PERSONA |
| Nombre de persona |
Cruz., Gretchenh de la |
| Término indicativo de función/relación |
autor |
| 9 (RLIN) |
84839 |
| 700 1# - PUNTO DE ACCESO ADICIONAL--NOMBRE DE PERSONA |
| Nombre de persona |
Pichardo, Gabriel |
| Término indicativo de función/relación |
autor |
| 9 (RLIN) |
84840 |
| 700 1# - PUNTO DE ACCESO ADICIONAL--NOMBRE DE PERSONA |
| Nombre de persona |
Piña, Génesis, |
| Término indicativo de función/relación |
autora |
| 9 (RLIN) |
84841 |
| 700 1# - PUNTO DE ACCESO ADICIONAL--NOMBRE DE PERSONA |
| Nombre de persona |
Doñé de los Santos, Nadia Alejandra, |
| Término indicativo de función/relación |
autora |
| 9 (RLIN) |
84842 |
| 700 1# - PUNTO DE ACCESO ADICIONAL--NOMBRE DE PERSONA |
| Nombre de persona |
Fernández, Wendy, |
| Término indicativo de función/relación |
Autora |
| 9 (RLIN) |
84843 |
| 700 1# - PUNTO DE ACCESO ADICIONAL--NOMBRE DE PERSONA |
| Nombre de persona |
Kae Eppler, Shalyn, |
| Término indicativo de función/relación |
autora |
| 9 (RLIN) |
84844 |
| 700 1# - PUNTO DE ACCESO ADICIONAL--NOMBRE DE PERSONA |
| Nombre de persona |
Wick, Esteban, |
| Término indicativo de función/relación |
autor |
| 9 (RLIN) |
84845 |
| 700 1# - PUNTO DE ACCESO ADICIONAL--NOMBRE DE PERSONA |
| Nombre de persona |
García, Luis, |
| Término indicativo de función/relación |
autor |
| 9 (RLIN) |
81570 |
| 700 1# - PUNTO DE ACCESO ADICIONAL--NOMBRE DE PERSONA |
| Nombre de persona |
Kerwin, Matilde, |
| Término indicativo de función/relación |
autora |
| 9 (RLIN) |
84846 |
| 700 1# - PUNTO DE ACCESO ADICIONAL--NOMBRE DE PERSONA |
| Nombre de persona |
Galván, Luicía; |
| Término indicativo de función/relación |
autora |
| 9 (RLIN) |
84847 |
| 700 1# - PUNTO DE ACCESO ADICIONAL--NOMBRE DE PERSONA |
| Nombre de persona |
Joseph, Stephania, |
| Término indicativo de función/relación |
autora |
| 9 (RLIN) |
84848 |
| 700 1# - PUNTO DE ACCESO ADICIONAL--NOMBRE DE PERSONA |
| Nombre de persona |
Tejada, Luis Alberto |
| Término indicativo de función/relación |
autor |
| 9 (RLIN) |
84849 |
| 700 ## - PUNTO DE ACCESO ADICIONAL--NOMBRE DE PERSONA |
| Nombre de persona |
Amaro, Valentín, |
| 9 (RLIN) |
12295 |
| Término indicativo de función/relación |
editor |
| 700 1# - PUNTO DE ACCESO ADICIONAL--NOMBRE DE PERSONA |
| Nombre de persona |
Javier, Eulogio, |
| 9 (RLIN) |
53440 |
| Término indicativo de función/relación |
editor |
| 830 ## - PUNTO DE ACCESO ADICIONAL DE SERIE-TÍTULO UNIFORME |
| Número de parte o sección de la obra |
Taller Literario Letra Joven de Unibe |
| 9 (RLIN) |
84836 |
| 942 ## - ELEMENTOS DE PUNTO DE ACCESO ADICIONAL (KOHA) |
| Fuente del sistema de clasificación o colocación |
Dewey Decimal Classification |
| Tipo de ítem Koha |
Libro |